Eleventh industrial directory of the Commonwealth of Pennsylvania.

Bibliographic Details
Corporate Author: Pennsylvania. Bureau of Statistics and Information
Format: Book
Language:English
Published: Harrisburg, [publisher not identified] ; 1947.
Subjects:

MARC

Tag First Indicator Second Indicator Subfields
LEADER 00000cam a2200000 4500
001 in00000064252
005 20151008051753.0
008 800508s1947 paub b 00010 engec
010 |a a 47003906  
035 |a (OCoLC)06294708 
035 |9 AAG9880AM 
040 |a Pennsylvania State College. Library  |c TXA  |d TXA  |d UtOrBLW 
049 |a TXAM  |c [136160] 
050 0 |a HC107.P4  |b A5 1947 
082 0 |a 330.9748 
092 |a 330.9748  |b P415i, 1945 
110 1 |a Pennsylvania.  |b Bureau of Statistics and Information. 
245 1 0 |a Eleventh industrial directory of the Commonwealth of Pennsylvania. 
264 1 |a Harrisburg,  |b [publisher not identified] ;  |c 1947. 
300 |a xiv, 1022 pages :  |b maps. ;  |c 24 cm. 
336 |a text  |b txt  |2 rdacontent 
337 |a unmediated  |b n  |2 rdamedia 
338 |a volume  |b nc  |2 rdacarrier 
651 0 |a Pennsylvania  |x Industries  |x Directories. 
651 0 |a Pennsylvania  |x Directories. 
999 |a MARS 
999 f f |s b1d04c1b-72fe-3477-b6a9-45ea6179fcd5  |i 82ed0e84-3afa-3882-b875-822b22dc7a18  |t 0 
952 f f |p ric  |a Texas A&M University  |b Rellis Campus  |c Joint Library Facility  |d Remote Storage  |t 0  |e HC107.P4 A5 1947  |h Library of Congress classification  |i unmediated -- volume  |m A14800709295 
998 f f |a HC107.P4 A5 1947  |t 0  |l Remote Storage